000
00284nam a2200109Ia 4500
008
200302s9999 xx 000 0 und d
100
_a
Banwari Lal and Others
245
_a
Wealth from Waste 3rd ed.,
260
_b
The Energy and Resources Institute
260
_c
2011
300
_a
457 P.,
999
_c
5758
_d
5758